El desarrollo económico y social en América Latina /
সংরক্ষণ করুন:
| প্রধান লেখক: | |
|---|---|
| বিন্যাস: | পাঠ্য |
| ট্যাগগুলো: |
ট্যাগ যুক্ত করুন
কোনো ট্যাগ নেই, প্রথমজন হিসাবে ট্যাগ করুন!
|
MARC
| LEADER | 00000 a a2200000 04500 | ||
|---|---|---|---|
| 001 | 48123 | ||
| 003 | |||
| 040 | |||
| 100 | |a Hurtado, Osvaldo | ||
| 245 | |a El desarrollo económico y social en América Latina / |c Osvaldo Hurtado | ||
| 773 | |g número46, (abril-setiembre, 1997), páginas 60-63 | ||
| 999 | |c 22926 |d 22926 | ||
